Представление документа в формате MARC21

Поле Инд. ПП Название Значение
Тип записи a
Библиографический уровень m
001 Контрольный номер a4dd213d3dbe4d008ce3deb95a101688
005 Дата корректировки 20260123102614.2
008 Кодируемые данные 230208|||||||||ru |||||||||||||||||rus||
020 a ISBN 978-5-534-11766-0 (Издательство Юрайт)
020 a ISBN 978-5-8149-2592-3 (Издательство ОмГТУ)
041 0_ a Код языка текста rus
084 a Индекс другой классификации/Индекс ББК 30.17+30н
090 a Полочн. индекс 30
x Авторский знак С 32
100 1_ a Автор Сердюк В. С.
203 a Вид содержания Текст
c Тип средства непосредственное
245 10 a Заглавие Эргономические основы безопасности труда
b Продолж. заглавия учебное пособие для вузов
c Ответственность Омский государственный технический университет
250 a Основные сведения об издании 2-е изд.
260 a Место издания Москва
b Издательство Юрайт
c Дата издания 2022
300 a Объем 116 с.
b Иллюстрации/ тип воспроизводства ил.
440 _0 a Серия Высшее образование
504 a Библиография Библиогр.: с. 113-116
520 0_ a Аннотация Проект "Университеты России" позволит высшим учебным заведениям нашей страны использовать в образовательном процессе издания (в том числе учебники и учебные пособия) по различным дисциплинам, подготовленные преподавателями лучших университетов России и впервые опубликованные в издательствах университетов. Все представленные в этом проекте работы прошли экспертную оценку учебно-методического отдела издательства и публикуются в оригинальной редакции. В учебном пособии рассмотрены задачи эргономики и методы, используемые в эргономических исследованиях. Проанализирован комплекс вопросов, связанных с трудовой деятельностью человека. Оценены психофизиологические особенности человека в процессе труда, применяемые при проектировании технологических процессов. Даны рекомендации по проектированию и эксплуатации оборудования, оснастки инструмента с учетом требований безопасности труда и эргономических критериев. Предназначено студентам очной и заочной форм обучения направления подготовки "Техносферная безопасность"
583 x Служебное примечание Книга доступна на образовательной платформе "Юрайт" urait.ru, а также в мобильном приложении "Юрайт.Библиотека"
x Служебное примечание Техносферная безопасность. ВПО
z Открытое примечание 20.03.01; 20.04.01
650 04 a Основная рубрика Охрана труда-Эргономика-Учебные издания для высших учебных заведений
653 0_ a Ключевые слова Безопасность труда
a Ключевые слова Биофизическая совместимость
a Ключевые слова Охрана труда
a Ключевые слова Технико-эстетическая совместимость
a Ключевые слова Умственный труд
a Ключевые слова Человек-машина
a Ключевые слова Эргономика
a Ключевые слова Эргономическая экспертиза
700 12 a Другие авторы Добренко А. М.
700 12 a Другие авторы Белоусова Б. С.
900 a Имя макрообъекта Сердюк Эргономические основы
901 t Тип документа m
952 b Гриф литературы для ВШ Рекомендовано Учеб.-метод. отд. высш. образования
c Вид литературы учебное пособие